| 000 | 00560nam a2200169Ia 4500 | ||
|---|---|---|---|
| 008 | 180921t2017 xxu||||| |||| 00| 0 sin d | ||
| 041 | _asin | ||
| 080 |
_a294.3 _bGNA |
||
| 100 | _aGnanananda Himi, Kiribathgoda | ||
| 245 | _aඅපට සොදය සියුම් නුවණ: අලුත් දහම් වැඩසටහන - 21 | ||
| 246 | _aApata Hodaya Siyum Nuwana : Aluth Daham Wedasatahana - 21 | ||
| 260 |
_bMahamegha _aPolgahawela _c2017 |
||
| 300 | _b100p, 20cm | ||
| 942 | _cBK | ||
| 999 |
_c1889 _d1889 |
||
| 003 | LK-CoDNM | ||
| 040 |
_aLK-CoDNM _dLK-CoDNM _eLK-CoDNM |
||